Hidden Neighbors of Afghanistan Quiz Stats

 Plays Quiz Updated Jun 25, 2017

Support Sporcle.
Go Orange.
Score 0/6 Timer 01:00
13 Plays Today
% Correct
Pakistan
92.1%
Iran
88.8%
Tajikistan
78.8%
China
76.8%
Turkmenistan
76.8%
Uzbekistan
67.8%

You're not logged in!

Compare scores with friends on all Sporcle quizzes.
OR
Log In
Forgot?

From the Vault

Memorize 'Em, Find 'Em

by gazzso

Time to test that memory of yours!
Remove Ads.
Support Sporcle.
Get the best of Sporcle when you Go Orange. This ad-free experience offers more features, more stats, and more fun while also helping to support Sporcle. Thank you for becoming a member.

Show Comments

Extras

Top Quizzes Today


Score Distribution

Your Account Isn't Verified!

In order to create a playlist on Sporcle, you need to verify the email address you used during registration. Go to your Sporcle Settings to finish the process.

Report this User

Report this user for behavior that violates our Community Guidelines.

Details: